|
|
|
|
| LEADER |
01327nam a2200289 a 4500 |
| 001 |
7614 |
| 003 |
BD-DhAAL |
| 005 |
20150319103734.0 |
| 008 |
150319s2008 njuab 001 0 eng |
| 010 |
|
|
|a 2008009608
|
| 020 |
|
|
|a 9780470258613 (cloth)
|
| 020 |
|
|
|a 0470258616 (cloth)
|
| 040 |
|
|
|a DLC
|c DLC
|d BAKER
|d YDXCP
|d C#P
|d BWX
|d CDX
|d BTCTA
|d DLC
|d BD-DhAAL
|
| 050 |
0 |
0 |
|a HF5548.37
|b .B685 2008
|
| 082 |
0 |
0 |
|a 658.4/78
|2 22
|
| 100 |
1 |
|
|a Bowman, Ronald H.,
|d 1960-
|9 9890
|
| 245 |
1 |
0 |
|a Business continuity planning for data centers and systems :
|b a strategic implementation guide /
|c Ronald H. Bowman, Jr.
|
| 260 |
|
|
|a Hoboken, N.J. :
|b John Wiley & Sons,
|c c2008.
|
| 300 |
|
|
|a xvii, 206 p. :
|b ill., maps ;
|c 24 cm.
|
| 500 |
|
|
|a Includes index.
|
| 541 |
|
|
|e 7614
|
| 650 |
|
0 |
|a Data protection.
|9 9891
|
| 650 |
|
0 |
|a Electronic data processing
|x Security measures.
|9 9892
|
| 942 |
|
|
|2 ddc
|c BK
|
| 999 |
|
|
|c 34106
|d 34106
|
| 952 |
|
|
|0 0
|1 0
|2 ddc
|4 0
|6 658_478000000000000_BOW
|7 0
|9 53222
|a SCL
|b SCL
|c GEN
|d 2015-03-19
|e Gift: The Asia Foundation
|l 1
|m 5
|o 658.478 BOW
|p 3020007614
|r 2020-03-10
|s 2020-02-04
|t 1
|w 2015-03-19
|y BK
|
| 952 |
|
|
|0 0
|1 0
|2 ddc
|4 0
|6 658_478000000000000_BOW
|7 0
|9 55093
|a BRACUL
|b BRACUL
|c GEN
|d 2015-08-04
|e BRAC Institute of Language (BIL)
|l 0
|o 658.478 BOW
|p 3010029543
|r 2015-08-04
|t 2
|w 2015-08-04
|y BK
|x Transferred from BIL to BRACUL on 06/06/22
|